1668 1830 1294 1651 1928 1987 1566 1362 1075 1544 1915 1753 1203 1006 1144 1475 1278 1687 1709 1156 1278 1939 1023 1200 1432 1955 1608 1964 1202 1407 1099 1158 1187 1951 1182 1533 1250 1305 1772 1374 1250 1551 1035 1670 1485 1584 1959 1964 1587 1042 1021 1229 1046 1547 1040 1022 1250 1149 1088 1523 1897 1159 1849 1001 1036 1204 1618 1330 1968 1483 1799 1299 1078 1335 1267 1741 1966 1019 1022 1249 1063 1116 1887 1346 1324 1862 1334 1173 1609 1580 1367 1040 1220 1146 1079 1301 1849 1825 1864 BCNSPRNW ULIB Ver.6.0+V

เปลี่ยนเป็นภาษาไทย

Change to English
 แสดงรายละเอียดบรรณานุกรม
  กลับหน้าหลัก

Brief Record : Get Marc (ISO 2709) : E-mail record : QR code < ปิดหน้าต่าง
LEADER : 00000nam 2200000uu 4500
001    13399125963
003     ULIB
008    171124s2560||||th 000 0 tha d
020    ^a9786161133382
060  0 ^aวจH62^bจ651อ
100 0  ^aจุรีรัตน์ กิจสมพร
245 10 ^aรายงานวิจัยอัตลักษณ์บัณฑิตของสถาบันพระบรมราชชนก /^cผู้วิจัย จุรีรัตน์ กิจสมพร, อรชร อินทองปาน, จุฬารัตน์ ห้าวหาญ, รุจิรา เจียมอมรรัตน์ และกิตติพร เนาว์สุวรรณ
260    ^aนนทบุรี:^bกลุ่มวิจัย สถาบันพระบรมราชชนก สำนักงานปลัดกระทรวงสาธารณสุข,^c2560
300    ^a126 หน้า :^bภาพประกอบ
610 20 ^aสถาบันพระบรมราชชนก^xวิจัย
650  7 ^aนักศึกษาพยาบาล^xวิจัย
650  7 ^aอัตลักษณ์^xวิจัย
650  7 ^aอัตลักษณ์
700 0  ^aอรชร อินทองปาน
700 0  ^aจุฬารัตน์ ห้าวหาญ
700 0  ^aรุจิรา เจียมอมรรัตน์
700 0  ^aกิตติพร เนาว์สุวรรณ
710 2  ^aสถาบันพระบรมราชชนก
945    ^p0^l0^i003403
999    ^aประนอม เกษจรัล
รายการนี้ยังไม่มีแท็ก
คุณยังไม่ได้ล็อกอิน คุณสามารถมีกิจกรรมร่วมกับเว็บไซต์ได้ แต่ต้องล็อกอินก่อน ::
  ล็อกอิน

รายการสื่อสารสนเทศ

ลำดับที่ ประเภท เลขเรียก/บาร์โค้ด สถานที่ สถานะ
1. งานวิจัย
งานวิจัย
วจH62 จ651อ ฉ.1 
  Barcode: 003403
ห้องสมุดวิทยาเขตสวรรค์ประชารักษ์
►วิจัย
บนชั้น

รายการใกล้เคียง
    หัวเรื่อง [อัตลักษณ์]

BibComment


ยังไม่เคยถูกคอมเมนท์

คอมเมนท์ทรัพยากรรายการนี้
  คอมเมนท์: รายงานวิจัยอัตลั..


 Copyright 2026. Bcnsprnw @Library